书目信息 |
| 题名: |
高等代数九讲
|
|
| 作者: | 江明辉 主编 | |
| 分册: | ||
| 出版信息: | 武汉 华中科技大学出版社 2019.12 |
|
| 页数: | 326页 | |
| 开本: | 26cm | |
| 丛书名: | ||
| 单 册: | ||
| 中图分类: | O15 | |
| 科图分类: | ||
| 主题词: | 高等代数--gao deng dai shu--高等学校--教学参考资料 | |
| 电子资源: | ||
| ISBN: | 978-7-5680-5803-2 | |
| 000 | 01012nam0 2200253 450 | |
| 001 | 2061562895 | |
| 005 | 20201105170611.52 | |
| 010 | @a978-7-5680-5803-2@dCNY59.80 | |
| 100 | @a20200514d2019 em y0chiy50 ea | |
| 101 | 0 | @achi |
| 102 | @aCN@b420000 | |
| 105 | @aa a 000yy | |
| 200 | 1 | @a高等代数九讲@Agao deng dai shu jiu jiang@f主编江明辉 |
| 210 | @a武汉@c华中科技大学出版社@d2019.12 | |
| 215 | @a326页@c图@d26cm | |
| 300 | @a北大·五版配套 三峡大学学科建设项目资助 | |
| 320 | @a有书目 (第326页) | |
| 330 | @a全书分为九讲, 包括多项式、行列式、线性方程组、矩阵、二次型、线性空间、线性变换、λ-矩阵和欧氏空间, 每一讲都对其理论进行概述、难点分析、实例讲解、同步练习, 同时精选了各大高校研究生入学考试历年真题 (1991-2019) , 并进行了详细的讲解和分析。 | |
| 333 | @a高等院校数学经典教材 同步辅导及考研复习用书 | |
| 606 | 0 | @a高等代数@Agao deng dai shu@x高等学校@j教学参考资料 |
| 690 | @aO15@v5 | |
| 701 | 0 | @a江明辉@Ajiang ming hui@4主编 |
| 801 | 0 | @aCN@b人天书店@c20201002 |
| 905 | @aZUCC@dO15@eJ362 | |
| 高等代数九讲/主编江明辉.-武汉:华中科技大学出版社,2019.12 |
| 326页:图;26cm |
| 北大·五版配套 三峡大学学科建设项目资助.-使用对象:高等院校数学经典教材 同步辅导及考研复习用书 |
| ISBN 978-7-5680-5803-2:CNY59.80 |
| 全书分为九讲, 包括多项式、行列式、线性方程组、矩阵、二次型、线性空间、线性变换、λ-矩阵和欧氏空间, 每一讲都对其理论进行概述、难点分析、实例讲解、同步练习, 同时精选了各大高校研究生入学考试历年真题 (1991-2019) , 并进行了详细的讲解和分析。 |
| ● |
| 相关链接 |
|
|
|
正题名:高等代数九讲
索取号:O15/J362
 
预约/预借
| 序号 | 登录号 | 条形码 | 馆藏地/架位号 | 状态 | 备注 |
| 1 | 1480104 | 214801044 | 自科库401/401自科库 40排5列1层/ [索取号:O15/J362] | 在馆 | |
| 2 | 1480105 | 214801053 | 自科库401/401自科库 40排5列1层/ [索取号:O15/J362] | 在馆 |